Pod sluncem této země

Bibliographic Details
Main Author: Einhorn, Erich (Author, Photographer)
Other Authors: Einhornová, Milada (Photographer)
Format: Book
Language:Czech
PhysicalDescription:275, [5] s. fotogr., mp. 4°
Published: Praha Práce 1975
Edition:1. vyd.
Subjects:

MARC

LEADER 00000cam a2200000 a 4500
001 vtls009057704
003 SK-MaSNL
005 20260311130443.0
008 210928s1975 xr ob g 000 0 cze
020 |c 135.00 
035 |a PPPK50937 
040 |a SNK  |b slo  |c SNK  |e AACR2 
041 0 |a cze 
043 |a e-cs--- 
044 |a xr  |c CZ 
080 |a 779  |2 1981 
080 |a 908.437  |2 1981 
100 1 |a Einhorn, Erich  |4 aut  |4 pht  |9 285789 
245 1 0 |a Pod sluncem této země  |c texty: [kol.] ; fot.: Milada a Erich Einhornovi 
250 |a 1. vyd. 
260 |a Praha  |b Práce  |c 1975 
300 |a 275, [5] s.  |b fotogr., mp.  |c 4° 
650 0 7 |a starostlivosť o zdravie  |2 SNKPH  |9 1302 
650 0 7 |a rekreačné oblasti  |2 SNKPH  |9 69057 
651 7 |a Československo  |2 SNKPH  |9 21376 
655 7 |a fotografie  |2 SNKPH  |9 70713 
700 1 |a Einhornová, Milada  |4 pht  |9 322303 
852 |a Štátna vedecká knižnica v Banskej Bystrici 
958 |a OND 
999 |c 741155  |d 743085 
952 |a SNK  |b SNK  |y PREZ  |7 0  |p 17A0924052  |o snkSB 22309  |i snkKIP 6739/75  |0 0  |1 0  |4 0  |d 2014-06-11  |f 1  |l 0  |r 2025-03-26 00:00:00  |w 2026-02-23 
952 |a SNK  |b SNK  |y VYP  |7 0  |o snkSB 22309 D1  |i snkKIP 6740/75  |0 0  |1 0  |4 0  |d 2014-06-11  |l 0  |r 2026-02-23 22:59:18  |w 2026-02-23